000 00508nam a22001577a 4500
005 20251108164117.0
008 250721s9999 xx 000 0 ara d
082 1 4 _a210/محم
100 1 _aالغزالي، محمد
245 1 0 _aالجانب العاطفي من الإسلام :
_bيبحث في الخلق و السلوك و التصوف /
264 1 _aالقاهرة :
_bدار الكتب الحديثة،
_c[19-].
300 _a304 ص
650 1 7 _aالإسلام
942 _2ddc
_cBK
999 _c3896
_d3896